Super Bowl Champions - Statistics

General Stats
  • This quiz has been taken 666 times
  • The average score is 36 of 46
Answer Stats
Year Team % Correct
1967 Green Bay Packers
96%
1968 Green Bay Packers
96%
1997 Green Bay Packers
96%
2011 Green Bay Packers
96%
2002 New England Patriots
89%
2004 New England Patriots
89%
2005 New England Patriots
89%
1987 New York Giants
85%
1991 New York Giants
85%
2008 New York Giants
85%
2012 New York Giants
85%
1972 Dallas Cowboys
84%
1978 Dallas Cowboys
84%
1993 Dallas Cowboys
84%
1994 Dallas Cowboys
84%
1996 Dallas Cowboys
84%
1975 Pittsburgh Steelers
84%
1976 Pittsburgh Steelers
84%
1979 Pittsburgh Steelers
84%
1980 Pittsburgh Steelers
84%
2006 Pittsburgh Steelers
84%
2009 Pittsburgh Steelers
84%
1969 New York Jets
80%
1982 San Francisco 49ers
78%
1985 San Francisco 49ers
78%
1989 San Francisco 49ers
78%
1990 San Francisco 49ers
78%
1995 San Francisco 49ers
78%
2001 Baltimore Ravens
74%
1971 Indianapolis Colts
73%
2007 Indianapolis Colts
73%
1973 Miami Dolphins
72%
1974 Miami Dolphins
72%
1998 Denver Broncos
71%
1999 Denver Broncos
71%
1986 Chicago Bears
70%
1977 Oakland Raiders
69%
1981 Oakland Raiders
69%
1983 Washington Redskins
69%
1988 Washington Redskins
69%
1992 Washington Redskins
69%
1970 Kansas City Chiefs
68%
2010 New Orleans Saints
67%
2000 St. Louis Rams
66%
2003 Tampa Bay Buccaneers
61%
1984 LA Raiders
12%
No matching quizzes found
Score Distribution
Percent of People with Each Score
Percentile by Number Answered
Your Score History
You have not taken this quiz